Opel Kadett E, 1984-91 (Запись № 14194)

Подробности
000 -МАРКЕР
контрольное поле 01856nam0a2200337 4500
001 - ИДЕНТИФИКАТОР ЗАПИСИ
контрольное поле RU\NLR\bibl\5272
005 - ИДЕНТИФИКАТОР ВЕРСИИ
контрольное поле 20260406045318.0
010 ## - МЕЖДУНАРОДНЫЙ СТАНДАРТНЫЙ НОМЕР КНИГИ (ISBN)
Номер (ISBN) 5-8051-0003-7
Тираж 1000
021 ## - НОМЕР ГОСУДАРСТВЕННОЙ РЕГИСТРАЦИИ
Код страны Российская Федерация
Номер 98-5916
Номер Листа государственной регистраци 284
035 ## - ДРУГИЕ СИСТЕМНЫЕ НОМЕРА
Идентификатор записи (NLR Aleph) 000005130
100 ## - ДАННЫЕ ОБЩЕЙ ОБРАБОТКИ
Данные общей обработки 19980825d1997 |||y0rusy50 ca
101 1# - ЯЗЫК РЕСУРСА
Язык текста, звукозаписи и т.д. русский
Язык оригинала английский
Язык основного заглавия английский
102 ## - СТРАНА ПУБЛИКАЦИИ ИЛИ ПРОИЗВОДСТВА
Страна публикации Российская Федерация
105 ## - ПОЛЕ КОДИРОВАННЫХ ДАННЫХ: ТЕКСТОВЫЕ МАТЕРИАЛЫ, МОНОГРАФИЧЕСКИЕ
Кодированные данные о монографическом текстовом документе |||||||||||||
200 1# - ЗАГЛАВИЕ И СВЕДЕНИЯ ОБ ОТВЕТСТВЕННОСТИ
Основное заглавие Opel Kadett E, 1984-91
Сведения, относящиеся к заглавию Руководство по ремонту и техн. обслуж.
-- [Учеб. пособие
Первые сведения об ответственности Ивор Кэррол и Грэм Корби
Последующие сведения об ответственности Пер. с англ.Орлов Е.В.]
210 ## - ПУБЛИКАЦИЯ, РАСПРОСТРАНЕНИЕ И ДР.
Место издания, распространения и т.д. СПб.
Имя издателя, распространителя и т. д. ПетерГранд
Дата издания, распространения и т.д. 1997
215 ## - ФИЗИЧЕСКАЯ ХАРАКТЕРИСТИКА
Специфическое обозначение материала и объем 236 с.
Другие сведения о физической характеристике ил.
Размеры 29
300 ## - ОБЩИЕ ПРИМЕЧАНИЯ
Текст примечания На обл.: Opel Kadett E 1,2/1, 3/1, 6/1, 8/2, 0/1, 6D: Уход. Ремонт. Обслуж.
606 0# - НАИМЕНОВАНИЕ ТЕМЫ КАК ПРЕДМЕТ
Наименование темы Автомобили "Опель Кадетт" Е
Формальный подзаголовок Руководства, пособия и т.п.
Тематический подзаголовок Ремонт
Системный номер авторитетной/нормативной записи 1992966
Идентификатор авторитетной/нормативной записи RU\NLR\auth\66915178
606 0# - НАИМЕНОВАНИЕ ТЕМЫ КАК ПРЕДМЕТ
Наименование темы Opel "Kadett" E, легковые автомобили
Формальный подзаголовок Руководства, пособия и т.п.
Тематический подзаголовок Ремонт
Системный номер авторитетной/нормативной записи 2109172
Идентификатор авторитетной/нормативной записи RU\NLR\auth\661274847
606 0# - НАИМЕНОВАНИЕ ТЕМЫ КАК ПРЕДМЕТ
Наименование темы Автомобили "Опель Кадетт" Е
Формальный подзаголовок Руководства, пособия и т.п.
Тематический подзаголовок Техническое обслуживание
Системный номер авторитетной/нормативной записи 2079806
Идентификатор авторитетной/нормативной записи RU\NLR\auth\661255703
606 0# - НАИМЕНОВАНИЕ ТЕМЫ КАК ПРЕДМЕТ
Наименование темы Opel "Kadett" E, легковые автомобили
Формальный подзаголовок Руководства, пособия и т.п.
Тематический подзаголовок Техническое обслуживание
Системный номер авторитетной/нормативной записи 2104913
Идентификатор авторитетной/нормативной записи RU\NLR\auth\661272624
686 ## - ИНДЕКСЫ ДРУГИХ КЛАССИФИКАЦИЙ
Индекс О335.52-08я7"Opel"
700 #1 - ИМЯ ЛИЦА - ПЕРВИЧНАЯ ОТВЕТСТВЕННОСТЬ
Код отношения Автор
Материалы, к которым относится поле rus
Графика поля Кириллица
Начальный элемент ввода Кэррол
Часть имени, кроме начального элемента ввода И.
Расширение инициалов личного имени Ивор
Идентификатор авторитетной/нормативной записи RU\NLR\auth\775023
Системный номер авторитетной/нормативной записи 114994
701 #1 - ИМЯ ЛИЦА - АЛЬТЕРНАТИВНАЯ ОТВЕТСТВЕННОСТЬ
Код отношения Автор
Материалы, к которым относится поле rus
Графика поля Кириллица
Начальный элемент ввода Корби
Часть имени, кроме начального элемента ввода Г.
Расширение инициалов личного имени Грэм
Идентификатор авторитетной/нормативной записи RU\NLR\auth\775024
Системный номер авторитетной/нормативной записи 114995
801 #0 - ИСТОЧНИК ЗАПИСИ
Страна Российская Федерация
Организация NLR
Дата составления 19980825
Правила каталогизации PSBO
801 #1 - ИСТОЧНИК ЗАПИСИ
Страна Российская Федерация
Организация NLR
Дата составления 19980825
852 ## - МЕСТОНАХОЖДЕНИЕ И ШИФР ХРАНЕНИЯ
Идентификатор организации NLR
Шифр хранения (Call Number) 98-8/183
942 ## - ДОПОЛНИТЕЛЬНЫЕ ЭЛЕМЕНТЫ ЗАПИСИ (АБИС)
Тип экземпляра АБИС Книга
980 ## - КОЛЛЕКЦИЯ
Название коллекции Национальная библиография
Экземпляры
Тип экземпляра Дата поступления Библиотека постоянного хранения Библиотека текущего хранения Место хранения Шифр хранения Штрих-код Статус экземпляра
Книга 26.10.2013 РНБ (Московский) РНБ (Московский) Русский книжный фонд: издания с 1957 года 98-8/183 5130-10